DC and Marvel Superhero - Sudden Death - Statistics

General Stats
  • This quiz has been taken 1,098 times
  • The average score is 18 of 38
Answers on the Grid
Answers color-coded by a green-red scale on the quiz's grid according to % correct below.
Superman
Joker
Star Lord
The Riddler
Bane
Nightwing
The Flash
Wonder Woman
Ultron
Robin
Doctor Doom
Red Hood
Invisible Woman
Reverse-Flash
Hawkeye
Spider-Man
The Thing
Darkseid
Thanos
Green Lantern
Black Widow
Red Robin
Hulk
Doomsday
Sinestro
Shazam
Batman
Thor
Deathstroke
Red Skull
Aquaman
Zod
Human Torch
Captain America
Lex Luthor
Mister Fantastic
Kang
Doctor Fate
Booster Gold
Scarecrow
Iron man
Martian Manhunter
Green Arrow
Raven
Cyclops
Two-Face
Black Adam
Wolverine
Hawkman
Beast Boy
Penguin
Vision
Black Manta
Beast
Ant-Man
Venom
Superboy
Ra's al Ghul
Red Tornado
Doctor Strange
 
Answer Stats
Answer % Correct
Superman
96%
The Flash
63%
Robin
58%
Star Lord
58%
Wonder Woman
58%
Black Widow
57%
Aquaman
56%
Hawkeye
56%
Hulk
56%
Batman
55%
Captain America
55%
Nightwing
55%
Spider-Man
55%
Shazam
54%
Iron man
53%
Thor
53%
Green Lantern
52%
Invisible Woman
52%
Human Torch
51%
Green Arrow
50%
The Thing
49%
Mister Fantastic
45%
Wolverine
43%
Martian Manhunter
41%
Ant-Man
40%
Beast Boy
40%
Cyclops
40%
Raven
40%
Vision
39%
Doctor Strange
38%
Red Robin
36%
Superboy
36%
Hawkman
35%
Booster Gold
34%
Doctor Fate
34%
Beast
33%
Red Hood
33%
Red Tornado
24%
No matching quizzes found
Score Distribution
Percent of People with Each Score
Percentile by Number Answered
Your Score History
You have not taken this quiz